| 000 | 00617nam a22001817a 4500 | ||
|---|---|---|---|
| 003 | 0 | ||
| 005 | 20231010145050.0 | ||
| 008 | 231010b xxu||||| |||| 00| 0 eng d | ||
| 020 | _a978-1-84529-512-7 | ||
| 050 |
_aBL 782 _b.K47 2007 |
||
| 100 | _aKershaw, Stephen P. | ||
| 245 |
_aA brief guide to the greek myths : gods, monsters, heroes, and the origins of storytelling _c Stephen P. Kershaw |
||
| 260 |
_aLondon _bRobinson _cc2007. |
||
| 300 |
_aviii, 531 pages ; _c20 cm. |
||
| 504 | _aIncludes bibliographical references and index. | ||
| 650 | _aMythology, Greek -- Juvenile literature. | ||
| 942 |
_2lcc _cBK |
||
| 999 |
_c365516 _d365516 |
||